Statistiques concernant Quiz sur La Réunion

Cliquez ici pour prendre le quiz!

Statistiques générales

  • Ce quiz a été pris 3 610 fois
    (3 526 depuis la dernière actualisation)
  • Le résultat moyen est 12 sur 20

Statistiques - réponses

QuestionRéponse% Correct
Océan dans lequel est située l'île de la RéunionIndien
99%
Préfecture et plus grande villeSaint-Denis
88%
Numéro du département974
86%
Langue parlée par une majorité de la population (outre le français)Le créole réunionnais
83%
Pays avec lequel elle partage cet archipelMaurice
82%
Volcan réunionnais qui compte parmi les plus actifs du mondePiton de la Fournaise
82%
Autre production emblématique de l'île, sous forme de goussesVanille
75%
Première activité économique de l'îleTourisme
71%
Principal produit agricole de La RéunionSucre
68%
Nation qui a brièvement mis la main sur l'île au début du 19ème siècleAngleterre
65%
Nationalité du navigateur qui a découvert l'îlePortugais
64%
Célèbre aviateur né à la Réunion (qui ne jouait pas forcément au tennis !)Roland Garros
58%
Nom qui lui a été originellement donné par les colons françaisÎle {Bourbon}
52%
Nom du point culminantPiton des neiges
47%
Cet autre poète du 19ème siècle y séjourna longuement (pour soigner son spleen ?)Charles Baudelaire
44%
Évènement historique qui a causé le changement de nomLa Révolution (1793)
35%
Nom de l'archipel dont elle fait partieMascareignes
34%
Economiste né à la Réunion, qui a été Premier ministre puis maire de LyonRaymond Barre
16%
Poète parnassien (Midi, roi des étés, etc...) originaire de la RéunionLeconte de Lisle
9%
Ecrivain français né à la Réunion en 1956, prix Goncourt en 2010Michel Houellebecq
8%

Distribution des résultats

Percentile par nombre de réponses

% des personnes avec chaque résultat

Votre développement - résultats

Vous n’avez pas pris ce quiz depuis la dernière actualisation